Części ciała - nagła śmierć #2 - Statystyki

Ogólne statystyki
  • Ten quiz został rozwiązany 23 razy
  • Średni wynik to 18 z 20
Answers on the Grid
Answers color-coded by a green-red scale on the quiz's grid according to % correct below.
Bakarat
Błona lotna
Celeborn
Drugi żołądek
Galaretka
Górka Olimp
Horkruks
Klatka piersiowa
Krtań
Lemur
Łożysko
Małe serce
Mięsień naramienny
Mięsień piersiowy większy
Mięśnie kulszowo-goleniowe
Migdałek
Móżdżek
Nerw kulszowy
Okrężnica
Pęcherzyk
Pępek
Prostata
Przecinek
Przegroda
Przepona
Ścięgno Achillesa
Siatkówka
Siekacz
Śledziona
Żyła szyjna
 
Statystyki odpowiedzi
Odpowiedź % Poprawnych
Krtań
100%
Nerw kulszowy
100%
Pępek
100%
Klatka piersiowa
95%
Móżdżek
95%
Przepona
95%
Ścięgno Achillesa
95%
Siatkówka
95%
Siekacz
95%
Śledziona
95%
Mięśnie kulszowo-goleniowe
90%
Migdałek
90%
Okrężnica
90%
Prostata
90%
Przegroda
90%
Mięsień piersiowy większy
86%
Pęcherzyk
86%
Żyła szyjna
86%
Łożysko
81%
Mięsień naramienny
81%
Nie znaleziono quizów pasujących do podanych kryteriów
Rozkład punktacji
Procent ludzi z każdym wynikiem
Percentyl według liczby udzielonych odpowiedzi
Twoja historia wyników
Nie rozwiązałeś tego quizu